000 00854nam a2200265Ia 4500
003 OSt
005 20220925210633.0
006 a|||||r|||| 00| 0
007 ta
008 220923b |||||||| |||| 00| 0 eng d
020 _a0818814405
037 _cGeneral Book
040 _aRTL
_cRTL
_beng
041 _2eng
_aeng
082 _aX9(J).73.N7, L1
100 _aBall A Gordon Ed.
_9272843
245 0 _aSize, structure, and future of farms
260 _aIowa
_bIowa State University Press
_c1971
300 _aviii, 404p. Bib chapterwise
_ccm.
490 _aIowa State University, Center for Agriculture and Rural Development, Publication
650 _aAgriculture Insdustry
700 _a Heady Earlo Ed.
_9272844
942 _hX9(J).73.N7, L1
_cGB
_2CC
999 _c555676
_d555676